Music Quiz

Random Music or The Beatles Quiz

Song Spree - The Beatles II Quiz Stats

 Plays Quiz Updated Jul 28, 2013

Challenge
Share
Tweet
Embed
Score 0/191 Timer 15:00
0 Plays Today
Song % Correct
Song 1I
98.8%
Song 1I
98.8%
Song 1I
98.8%
Song 2I
98.8%
Song 5I
98.8%
Song 5I
98.8%
Song 1a
97.3%
Song 1a
97.3%
Song 1a
97.3%
Song 1a
97.3%
Song 3a
97.3%
Song 5a
97.3%
Song 1you,
94.5%
Song 1you
94.5%
Song 3you
94.5%
Song 4you.
94.5%
Song 4you.
94.5%
Song 4you.
94.5%
Song 1the
94.5%
Song 5the
94.5%
Song 1to
92.7%
Song 2to
92.7%
Song 3to
92.7%
Song 3to
92.7%
Song 4to
92.7%
Song 5to
92.7%
Song 5to
92.7%
Song 1me
91.9%
Song 2me,
91.9%
Song 2me,
91.9%
Song 5me.
91.9%
Song 1And
91.5%
Song 2And
91.5%
Song 3and
91.5%
Song 4and
91.5%
Song 4And
91.5%
Song 4And
91.5%
Song 1be
91.4%
Song 2be.
91.4%
Song 2be.
91.4%
Song 4be
91.4%
Song 5be.
91.4%
Song 2it
90.9%
Song 2it
90.9%
Song 3it
90.9%
Song 3it
90.9%
Song 3it
90.9%
Song 5it
90.9%
Song 2in
90.5%
Song 2in
90.5%
Song 2in
90.5%
Song 5in
90.5%
Song 2my
86.6%
Song 4my
86.6%
Song 5my
86.6%
Song 1when
85.7%
Song 2When
85.7%
Song 1do,
85.6%
Song 2of
84.2%
Song 2of
84.2%
Song 2of
84.2%
Song 2of
84.2%
Song 2of
84.2%
Song 2let
83.9%
Song % Correct
Song 2let
83.9%
Song 3let
83.9%
Song 5so
83.9%
Song 3her
83.3%
Song 2She
83%
Song 3your
81.4%
Song 4your
81.4%
Song 2is
81.3%
Song 3can
80.5%
Song 4all
79.3%
Song 5all
79.3%
Song 2trouble,
79.1%
Song 1make
78.6%
Song 3make
78.6%
Song 3make
78.6%
Song 3make
78.6%
Song 2words
78%
Song 2words
78%
Song 2wisdom,
77.7%
Song 2wisdom,
77.7%
Song 2Mother
76.9%
Song 2Mary
76.7%
Song 3Then
76.4%
Song 4then
76.4%
Song 2comes
76.1%
Song 3don't
75.4%
Song 2times
74.9%
Song 3heart.
74.2%
Song 1find
74%
Song 2find
74%
Song 2Speaking
74%
Song 2Speaking
74%
Song 4day.
73.8%
Song 3Hey
73.5%
Song 3Take
73.2%
Song 3Jude,
73.1%
Song 3song
72.9%
Song 3better.
72.8%
Song 3better.
72.8%
Song 1that
72.7%
Song 3sad
72.7%
Song 2myself
72%
Song 3into
71.8%
Song 3bad.
71.2%
Song 4I'm
71.2%
Song 5I'm
71.2%
Song 3Remember
71.1%
Song 4Remember
71.1%
Song 1like
71.1%
Song 1like
71.1%
Song 1get
70.1%
Song 1home
69.6%
Song 4home
69.6%
Song 2right
69.3%
Song 2front
69%
Song 1It's
68.7%
Song 1It's
68.7%
Song 3start
68.7%
Song 4away,
68.4%
Song 5away.
68.4%
Song 1Will
68.3%
Song 1feel
67.8%
Song 2standing
67%
Song 1things
66.9%
Song % Correct
Song 1been
66.7%
Song 1been
66.7%
Song 1been
66.7%
Song 1I've
66.6%
Song 2darkness,
66.5%
Song 1But
66.5%
Song 1night,
66.4%
Song 1night,
66.4%
Song 2hour
66.2%
Song 5not
65.5%
Song 1hard
65.2%
Song 1hard
65.2%
Song 1day's
65.1%
Song 1day's
65.1%
Song 5here
65.1%
Song 1should
64.7%
Song 5as
64.4%
Song 1dog.
64%
Song 4I'll
64%
Song 4I'll
64%
Song 4I'll
64%
Song 4I'll
64%
Song 4I'll
64%
Song 1working
63.9%
Song 5far
63.4%
Song 5Oh,
63.3%
Song 1alright.
62.8%
Song 5Oh,
62.8%
Song 1sleeping
62.4%
Song 4loving
62.4%
Song 5Now
62.3%
Song 1log.
62%
Song 5man
62%
Song 5Yesterday,
60.5%
Song 5yesterday.
60.5%
Song 5yesterday
60.5%
Song 5troubles
59.5%
Song 4every
59.3%
Song 5stay.
59.3%
Song 5believe
59.2%
Song 5seemed
58.9%
Song 4send
58.8%
Song 5used
58.3%
Song 4always
58.2%
Song 5they're
56.8%
Song 5though
56.5%
Song 5came
56.4%
Song 5over
56.3%
Song 4while
55.4%
Song 4true.
55.1%
Song 5half
55.1%
Song 5Suddenly,
54.7%
Song 5suddenly.
54.7%
Song 4write
54.7%
Song 4kiss
54%
Song 5There's
53.3%
Song 4miss
53%
Song 5looks
52.9%
Song 4eyes
51.8%
Song 4Close
51.1%
Song 4Tomorrow
51%
Song 5shadow
50.9%
Song 5hanging
50.8%

You're not logged in!

Compare scores with friends on all Sporcle quizzes.
OR
Log In

You Might Also Like...

Show Comments

Extras

Top Quizzes Today


Score Distribution

Your Account Isn't Verified!

In order to create a playlist on Sporcle, you need to verify the email address you used during registration. Go to your Sporcle Settings to finish the process.

Report this User

Report this user for behavior that violates our Community Guidelines.

Details: